<?xml version="1.0" encoding="UTF-8"?>
<record
    xmlns:xsi="http://www.w3.org/2001/XMLSchema-instance"
    xsi:schemaLocation="http://www.loc.gov/MARC21/slim http://www.loc.gov/standards/marcxml/schema/MARC21slim.xsd"
    xmlns="http://www.loc.gov/MARC21/slim">

  <leader>01315    a2200157   4500</leader>
  <controlfield tag="003">OSt</controlfield>
  <controlfield tag="005">20251211155828.0</controlfield>
  <controlfield tag="008">251211b        |||||||| |||| 00| 0 eng d</controlfield>
  <datafield tag="020" ind1=" " ind2=" ">
    <subfield code="a">9780143478560</subfield>
  </datafield>
  <datafield tag="100" ind1=" " ind2=" ">
    <subfield code="a">Dhillon K.</subfield>
    <subfield code="9">215597</subfield>
  </datafield>
  <datafield tag="245" ind1=" " ind2=" ">
    <subfield code="a">Operation Sindoor</subfield>
  </datafield>
  <datafield tag="260" ind1=" " ind2=" ">
    <subfield code="b">Penguin Random House India</subfield>
    <subfield code="c">2025</subfield>
    <subfield code="a">New Delhi</subfield>
  </datafield>
  <datafield tag="300" ind1=" " ind2=" ">
    <subfield code="a">248 pp.</subfield>
  </datafield>
  <datafield tag="520" ind1=" " ind2=" ">
    <subfield code="a">An authentic and valuable retelling of India&#x2019;s thunderous mission that has substantially changed the level of security in the subcontinent. &#x2015; GEN. V.P. MALIK, PVSM, AVSM (Retd) Former Chief of the Army Staff

Operation SINDOOR - Justice is Served &#x2015; Additional Directorate General of Strategic Communication, Indian Army

We have at least five fighters (Pakistani) confirmed kills and one large aircraft, which could be either an ELINT aircraft or an AEW &amp;C aircraft, which was taken at a distance of about 300 kilometres. This is actually the largest ever recorded surface-to-air kill. &#x2015; Air Chief Marshal Amar Preet Singh, PVSM, AVSM, Indian Air Force Chief

The Army General Headquarters (GHQ) can move from Rawalpindi to Khyber Pakhtunkhwa or wherever they want to move, but they are all within range, so they will have to really find a deep hole. &#x2015; LT GEN. IVAN D&#x2019;CUNHADirector General Army Air Defence, Indian Arm</subfield>
  </datafield>
  <datafield tag="942" ind1=" " ind2=" ">
    <subfield code="c">BK</subfield>
    <subfield code="2">ddc</subfield>
  </datafield>
  <datafield tag="999" ind1=" " ind2=" ">
    <subfield code="c">369215</subfield>
    <subfield code="d">369215</subfield>
  </datafield>
  <datafield tag="952" ind1=" " ind2=" ">
    <subfield code="0">0</subfield>
    <subfield code="1">0</subfield>
    <subfield code="2">ddc</subfield>
    <subfield code="4">0</subfield>
    <subfield code="7">0</subfield>
    <subfield code="8">BCA Pune</subfield>
    <subfield code="a">001</subfield>
    <subfield code="b">001</subfield>
    <subfield code="d">2025-12-02</subfield>
    <subfield code="e">8</subfield>
    <subfield code="g">449.25</subfield>
    <subfield code="l">4</subfield>
    <subfield code="p">KBJP-BK-2861</subfield>
    <subfield code="r">2026-03-24 13:22:56</subfield>
    <subfield code="s">2026-03-16</subfield>
    <subfield code="v">599.00</subfield>
    <subfield code="w">2025-12-02</subfield>
    <subfield code="y">BK</subfield>
    <subfield code="z">2861</subfield>
  </datafield>
</record>
